Biblioteca

Hacia una espiritualidad evangélica comprometida (Registro nro. 35867)

Detalles MARC
000 -LÍDER
Campo fijo de descripción fija 011400000a22003250004500
001 - NÚMERO DE CONTROL
Campo de control 768714001
003 - IDENTIFICADOR DEL NÚMERO DE CONTROL
Campo de control CO-MdFUSB
005 - FECHA Y HORA DE LA ULTIMA TRANSACCIÓN
control field 20250519104108.0
007 - CAMPO FIJO DE DESCRIPCIÓN FIJA--INFORMACIÓN GENERAL
Campo fijo de descripción fija ta
008 - ELEMENTOS DE LONGITUD FIJA -- INFORMACIÓN GENERAL
Campo fijo de descripción fija -- Información general 180625t2002 ag ||||| |||| 00| 0 spa d
020 ## - NÚMERO INTERNACIONAL NORMALIZADO PARA LIBROS
Número Internacional Normalizado del libro 987-9403-47-9
040 ## - FUENTE DE CATALOGACIÓN
Agencia de catalogación original CO-MdFUSB
Idioma de catalogación spa
Agencia que realiza la transcripción CO-MdFUSB
Agencia que realiza la modificación CO-MdFUSBC
Convenciones de la descripción rda
041 0# - CÓDIGO DE IDIOMA
Código de idioma para texto/pista de sonido o título separado eng
082 04 - NÚMERO DE CLASIFICACIÓN DECIMAL DEWEY
Número de clasificación 248.2
Número de la edición del Dewey 22
Clave de autor-Numero de item S4566h
100 1# - ASIENTO PRINCIPAL--NOMBRE PERSONAL
Nombre personal Segura Carmona, Harold
Término relacionador autor
245 10 - TÍTULO
Título del Material Hacia una espiritualidad evangélica comprometida
Mención de responsabilidad, etc. / Harold Segura Carmona
264 #1 - PRODUCCIÓN, PUBLICACIÓN, DISTRIBUCIÓN, MANUFACTURA, Y COPYRIGHT
Lugar de producción, publicación, distribución, manufactura Buenos Aires, Argentina
Nombre del productor, publicador, distribuidor : Kairós,
Fecha de producción, publicación, distribución, manufactura, o copyright [2002]
264 #4 - PRODUCCIÓN, PUBLICACIÓN, DISTRIBUCIÓN, MANUFACTURA, Y COPYRIGHT
Fecha de producción, publicación, distribución, manufactura, o copyright ©2002
300 ## - DESCRIPCIÓN FÍSICA
Extensión 112 páginas
Dimensiones : 20 cm.
336 ## - TIPO DE CONTENIDO
Término de tipo de contenido texto
Código de tipo de contenido txt
Fuente rdacontent
337 ## - TIPO DE MEDIO
Fuente rdamedia
Nombre del tipo de medio sin mediación
Código del tipo de medio n
338 ## - TIPO DE SOPORTE
Fuente rdacarrier
Nombre del tipo de soporte volumen
Código Tipo de soporte nc
504 ## - NOTA DE BIBLIOGRAFÍA, ETC.
Nota de bibliografía, etc Incluye referencias bibliográficas
505 ## - NOTA DE CONTENIDO
Nota de contenido con formato preestablecido 1. La espiritualidad en la perspectiva del Reino 2. La encarnación: misterio y modelo 3. Ser iglesia para los demás 4. El rol profético del cristiano en la sociedad 5. Para una teología de los Derechos Humanos.
563 ## - NOTA DE ENCUADERNACIÓN
Nota de encuadernación rústico
650 #0 - ASIENTO SECUNDARIO DE MATERIA - TERMINO TEMÁTICO
Término temático o nombre geográfico como elemento de entrada Vida cristiana
9 (RLIN) 19
653 ## - TÉRMINO DE INDIZACIÓN - NO CONTROLADO
Término no controlado Espiritualidad
942 ## - TIPO DE MATERIAL (KOHA)
Tipo de Item KOHA Libros General
945 ## - INFORMACIÓN LOCAL DEL REGISTRO
Catalogador JTF-925
Existencias
Estado de Material Estado de Perdido Estado de Dañado No para Préstamo Colección Tomo Biblioteca de Origen Biblioteca Permanente Fecha de Adquisición Total de Préstamos Signatura Topográfica Código de Barras Última vez visto Ejemplar/Existencia Fecha de Remplazo Tipo de Material
        Colección General   Biblioteca FUSBC Biblioteca FUSBC 13/12/2004   G 248.2 S4566h 12342 03/02/2022 Ej. 1 26/01/2016 Libros General
        Colección General   Biblioteca FUSBC Biblioteca FUSBC 13/12/2004   G 248.2 S4566h 25697 12/12/2019 2 26/01/2016 Libros General
        Colección General   Biblioteca FUSBC Biblioteca FUSBC 29/10/2007   G 248.2 S4566h 16671 12/12/2019 3 26/01/2016 Libros General

Biblioteca FUSBC | Teléfono: (57+4) 349 88 10 Ext. 141| WhatsApp (+57) 3005338115 
E-mail: biblioteca@unisbc.edu.co | Calle 76 87-14 Robledo Palenque, Medellín, Colombia

Con tecnología Koha